[Event "EU-chT Seniors 50"]
[Site "Swidnica"]
[Date "2023.07.12"]
[Round "1.3"]
[White "Dupre, Paul Donald"]
[Black "Flear, Glenn C"]
[Result "0-1"]
[WhiteElo "1917"]
[BlackElo "2395"]
[PlyCount "52"]
[EventDate "2023.07.12"]
[EventType "team-tourn"]
[EventRounds "9"]
[EventCountry "POL"]
[SourceTitle "CBM 215 Extra"]
[Source "ChessBase"]
[SourceDate "2023.09.30"]
[SourceVersion "1"]
[SourceVersionDate "2023.09.30"]
[SourceQuality "1"]
[WhiteTeam "England 50 III"]
[BlackTeam "England 50"]
[WhiteTeamCountry "ENG"]
[BlackTeamCountry "ENG"]

1. d4 d5 2. c4 e6 3. Nc3 Bb4 4. Nf3 Nf6 5. Bg5 h6 6. Bxf6 Qxf6 7. e3 0-0 8. Qb3 c5 9. Rd1 dxc4 10. Bxc4 Nc6 11. Be2 cxd4 12. Nxd4 Nxd4 13. Rxd4 Bxc3+ 14. Qxc3 e5 15. Rd5 Be6 16. Rc5 b6 17. Rc6 Rac8 18. 0-0 Rxc6 19. Qxc6 Bxa2 20. Qa4 Bd5 21. Qxa7 Qg6 22. g3 Qe4 23. f3 Qxe3+ 24. Rf2 Rc8 25. Qa6 Rc1+ 26. Kg2 e4 0-1

[Event "BCF-chT3E 2223 (4NCL)"]
[Site "England"]
[Date "2023.05.01"]
[Round "11.33"]
[White "Dupre, Paul Donald"]
[Black "Sagues, Vincent"]
[Result "0-1"]
[WhiteElo "1943"]
[BlackElo "2067"]
[PlyCount "74"]
[EventDate "2022.11.05"]
[EventType "team-tourn"]
[EventRounds "11"]
[EventCountry "ENG"]
[SourceTitle "EXT 2024"]
[Source "ChessBase"]
[SourceDate "2023.10.10"]
[SourceVersion "1"]
[SourceVersionDate "2023.10.10"]
[SourceQuality "1"]
[WhiteTeam "Surbiton"]
[BlackTeam "Iceni"]
[WhiteTeamCountry "ENG"]
[BlackTeamCountry "ENG"]

1. d4 d5 2. c4 c6 3. cxd5 cxd5 4. Nc3 Nf6 5. f3 Nc6 6. Bg5 e6 7. e3 Be7 8. Bd3 0-0 9. Nge2 e5 10. dxe5 Nxe5 11. Bc2 Be6 12. 0-0 h6 13. Bf4 Nc6 14. Kh1 Qd7 15. Nd4 Bd6 16. Nxe6 fxe6 17. Bxd6 Qxd6 18. e4 Rad8 19. exd5 exd5 20. a3 Kh8 21. b4 d4 22. Ne4 Nxe4 23. Bxe4 Rf7 24. Qb3 Re7 25. Rad1 Ne5 26. Bb1 b5 27. Rfe1 Rde8 28. f4 Ng4 29. Rxe7 Qxe7 30. Qg3 Qe2 31. Rc1 d3 32. Bxd3 Nf2+ 33. Kg1 Nxd3 34. Rf1 Qe3+ 35. Qxe3 Rxe3 36. g3 Re1 37. Rxe1 Nxe1 0-1

[Event "BCF-chT3E 2223 (4NCL)"]
[Site "England"]
[Date "2023.04.30"]
[Round "10.43"]
[White "Dupre, Paul Donald"]
[Black "Weersing, Abigail Riis"]
[Result "1/2-1/2"]
[WhiteElo "1943"]
[BlackElo "2095"]
[PlyCount "95"]
[EventDate "2022.11.05"]
[EventType "team-tourn"]
[EventRounds "11"]
[EventCountry "ENG"]
[SourceTitle "EXT 2024"]
[Source "ChessBase"]
[SourceDate "2023.10.10"]
[SourceVersion "1"]
[SourceVersionDate "2023.10.10"]
[SourceQuality "1"]
[WhiteTeam "Surbiton"]
[BlackTeam "Poisoned Pawns"]
[WhiteTeamCountry "ENG"]
[BlackTeamCountry "ENG"]

1. d4 Nf6 2. c4 e6 3. Nf3 d5 4. Bg5 Be7 5. Nc3 0-0 6. e3 h6 7. Bh4 b6 8. cxd5 exd5 9. Bd3 Bb7 10. 0-0 Nbd7 11. Qe2 Ne4 12. Bxe7 Qxe7 13. Rac1 c5 14. Rfd1 Rac8 15. dxc5 Nxc3 16. Rxc3 bxc5 17. Bf5 Rfd8 18. Qb5 Bc6 19. Qa5 d4 20. exd4 cxd4 21. Nxd4 Nb6 22. Bxc8 Rxd4 23. Rf1 Qe2 24. Ba6 Qe4 25. Rg3 Nd5 26. Qd8+ Kh7 27. Qf8 Qe5 28. Qxf7 Nf4 29. Bc4 Bd5 30. Bxd5 Ne2+ 31. Kh1 Nxg3+ 32. hxg3 Rxd5 33. Qf3 Rd2 34. b4 Rxa2 35. Qd3+ Kh8 36. Qb1 Qb2 37. Qe1 Qc2 38. Kg1 Kh7 39. Qe3 Rb2 40. Kh2 Rxb4 41. Rc1 Qf5 42. Qxa7 Rb2 43. Kg1 Qe4 44. Qc5 Qg6 45. Qd5 Rb8 46. Rc4 Re8 47. g4 Qf6 48. Qf5+ 1/2-1/2

[Event "BCF-chT3E 2223 (4NCL)"]
[Site "England"]
[Date "2023.03.26"]
[Round "8.63"]
[White "Rubeck, Jonathan"]
[Black "Dupre, Paul Donald"]
[Result "1/2-1/2"]
[WhiteElo "1918"]
[BlackElo "1943"]
[PlyCount "118"]
[EventDate "2022.11.05"]
[EventType "team-tourn"]
[EventRounds "11"]
[EventCountry "ENG"]
[SourceTitle "EXT 2024"]
[Source "ChessBase"]
[SourceDate "2023.10.10"]
[SourceVersion "1"]
[SourceVersionDate "2023.10.10"]
[SourceQuality "1"]
[WhiteTeam "Watford"]
[BlackTeam "Surbiton"]
[WhiteTeamCountry "ENG"]
[BlackTeamCountry "ENG"]

1. e4 c5 2. c3 d5 3. exd5 Qxd5 4. d4 g6 5. Nf3 Bg7 6. Be2 Nh6 7. Na3 0-0 8. 0-0 cxd4 9. Nxd4 e5 10. Bf3 e4 11. Be2 Nc6 12. Nxc6 Qxc6 13. Bb5 Qc7 14. Nc2 Ng4 15. g3 a6 16. Be2 Nf6 17. Bf4 Qb6 18. Rb1 Bh3 19. Be3 Qe6 20. Nd4 Qxa2 21. Re1 Qd5 22. Qc2 Ng4 23. Qd2 Rad8 24. Rbd1 h5 25. Qc1 Qe5 26. Bf4 Qc5 27. b4 Qc8 28. b5 axb5 29. Bxb5 Qc5 30. Qb2 g5 31. Bc1 Ne5 32. Be3 Rxd4 33. cxd4 Nf3+ 34. Kh1 Qf5 35. Be2 b5 36. Qxb5 Nxe1 37. Qxf5 Bxf5 38. Rxe1 g4 39. Rd1 Rd8 40. d5 Be5 41. Bb6 Rd7 42. Kg1 Bd6 43. Kf1 Kf8 44. Be3 Ke7 45. Bb5 Rb7 46. Bc6 Rb3 47. Ra1 Ra3 48. Rb1 Bc8 49. Bg5+ f6 50. Be3 Ba6+ 51. Kg2 Ra2 52. h3 gxh3+ 53. Kxh3 Bc8+ 54. Kh4 Bg4 55. Rb7+ Kf8 56. Bd7 Bf3 57. Bh6+ Kf7 58. Bf5+ Ke8 59. Bg7 Be5 1/2-1/2

[Event "London Classic op U2050-B 11th"]
[Site "London"]
[Date "2019.12.04"]
[Round "3"]
[White "Dupre, Paul Donald"]
[Black "Cooper, Malcolm H"]
[Result "1/2-1/2"]
[WhiteElo "2001"]
[BlackElo "1857"]
[PlyCount "100"]
[EventDate "2019.12.02"]
[EventType "swiss"]
[EventRounds "5"]
[EventCountry "ENG"]
[SourceTitle "CBM 195 Extra"]
[Source "ChessBase"]
[SourceDate "2020.05.31"]
[SourceVersion "1"]
[SourceVersionDate "2020.05.31"]
[SourceQuality "1"]

1. d4 d5 2. c4 c6 3. cxd5 cxd5 4. Nc3 e5 5. dxe5 d4 6. Ne4 Qa5+ 7. Bd2 Qxe5 8. Ng3 Nf6 9. Nf3 Qd5 10. Qc2 Nc6 11. e4 dxe3 12. Bxe3 Bb4+ 13. Bd2 Bxd2+ 14. Qxd2 Qxd2+ 15. Kxd2 0-0 16. h3 Be6 17. Bb5 Rfd8+ 18. Ke2 Nd4+ 19. Nxd4 Rxd4 20. Rhd1 Rb4 21. Bd3 Rxb2+ 22. Rd2 Rxd2+ 23. Kxd2 Rd8 24. Kc2 Bd5 25. f3 g6 26. a4 Rc8+ 27. Kd2 b6 28. a5 bxa5 29. Rxa5 Rc7 30. h4 h5 31. Ne2 Bc4 32. Bxc4 Rxc4 33. Rxa7 Rxh4 34. Ke3 Nd5+ 35. Kf2 Rb4 36. Rd7 Nf4 37. Nxf4 Rxf4 38. Rb7 Kg7 39. Rb5 Kh6 40. Rc5 g5 41. g3 Rf6 42. Kg2 Kg6 43. Rb5 Ra6 44. Rb2 Ra4 45. Rc2 Rb4 46. Ra2 Rc4 47. Rb2 Rd4 48. Ra2 Rc4 49. Rb2 Ra4 50. Rc2 Rb4 1/2-1/2

[Event "London Classic op U2050-B 11th"]
[Site "London"]
[Date "2019.12.03"]
[Round "2"]
[White "Dupre, Paul Donald"]
[Black "Kamath, Raghu"]
[Result "1-0"]
[WhiteElo "2001"]
[BlackElo "1790"]
[PlyCount "73"]
[EventDate "2019.12.02"]
[EventType "swiss"]
[EventRounds "5"]
[EventCountry "ENG"]
[SourceTitle "CBM 195 Extra"]
[Source "ChessBase"]
[SourceDate "2020.05.31"]
[SourceVersion "1"]
[SourceVersionDate "2020.05.31"]
[SourceQuality "1"]

1. d4 f5 2. Nc3 Nf6 3. Bg5 d5 4. Bxf6 exf6 5. e3 Be6 6. Bd3 Nc6 7. a3 Qd7 8. h4 g6 9. Qf3 0-0-0 10. Nge2 Ne7 11. b4 Kb8 12. Nc1 Bg7 13. Nb3 Nc8 14. 0-0 Qf7 15. Nc5 b6 16. Nxe6 Qxe6 17. a4 Nd6 18. a5 Ne4 19. Bxe4 fxe4 20. Qe2 Kc8 21. axb6 axb6 22. Qb5 Kb7 23. Ra6 Ra8 24. Na4 Bf8 25. Rxa8 Kxa8 26. Qa6+ Kb8 27. Ra1 Qc6 28. Nc5 Bxc5 29. Qa7+ Kc8 30. bxc5 Kd7 31. Ra6 Rc8 32. cxb6 Qb5 33. b7 Rd8 34. Ra5 Qb1+ 35. Kh2 Qb6 36. Qxb6 cxb6 37. Rxd5+ 1-0

[Event "London CSC 5-Day U2050 op 10th"]
[Site "London"]
[Date "2018.12.12"]
[Round "4"]
[White "Rahman, K Azizur"]
[Black "Dupre, Paul Donald"]
[Result "1/2-1/2"]
[WhiteElo "1860"]
[BlackElo "2006"]
[PlyCount "160"]
[EventDate "2018.12.09"]
[EventType "swiss"]
[EventRounds "5"]
[EventCountry "ENG"]
[SourceTitle "EXT 2020"]
[Source "ChessBase"]
[SourceDate "2019.10.17"]
[SourceVersion "1"]
[SourceVersionDate "2019.10.17"]
[SourceQuality "1"]

1. c4 c6 2. d4 d6 3. Nc3 Nd7 4. e4 Qc7 5. Bd3 h6 6. Nge2 e5 7. Be3 Ngf6 8. f3 Be7 9. Qd2 a5 10. 0-0 g5 11. Rad1 Nh5 12. Bc2 Ndf6 13. Na4 Nd7 14. Bb3 Rg8 15. dxe5 dxe5 16. c5 Rg6 17. Qc1 Bf8 18. Qc4 Re6 19. Rd2 Be7 20. Rfd1 Rf6 21. Qc2 Kf8 22. Nec3 Nf4 23. Nb1 Nb8 24. Nb6 Ra6 25. Bc4 Ra7 26. Nc3 g4 27. Nca4 gxf3 28. g3 Nh3+ 29. Kf1 Bg4 30. Bf2 Nxf2 31. Kxf2 Bxc5+ 32. Nxc5 Qxb6 33. Rd8+ Ke7 34. Bf1 Na6 35. Bxa6 bxa6 36. Qc3 Re6 37. R1d2 a4 38. R8d7+ Rxd7 39. Rxd7+ Kf6 40. Rb7 Qd8 41. Nxe6 fxe6 42. Qe3 Kg6 43. h3 Bxh3 44. Qxf3 Qd4+ 45. Ke1 Qg1+ 46. Kd2 Qd4+ 47. Kc2 Qc5+ 48. Kd2 Qd4+ 49. Ke2 Qc4+ 50. Kd1 Qd4+ 51. Kc1 Qg1+ 52. Kc2 Qc5+ 53. Qc3 Qf2+ 54. Kb1 Bg2 55. Rb4 Qe2 56. Qc4 Qd1+ 57. Qc1 Qe2 58. Rxa4 Bxe4+ 59. Ka1 Bd3 60. Rh4 h5 61. Rh1 Qe4 62. Re1 Qd5 63. Qe3 e4 64. Qf4 a5 65. g4 hxg4 66. Qxg4+ Kf6 67. Qf4+ Ke7 68. Qe3 c5 69. Rh1 Kd6 70. Rh7 Qe5 71. a4 Qf5 72. Qg3+ e5 73. Rh6+ Kd5 74. Qg8+ Kd4 75. Rd6+ Ke3 76. Qg1+ Qf2 77. Qc1+ Ke2 78. Ka2 Qe1 79. Qxc5 Qb1+ 80. Kb3 Qd1+ 1/2-1/2

[Event "London Classic op U2050-B 8th"]
[Site "London"]
[Date "2016.12.16"]
[Round "5"]
[White "Allison, Paul A"]
[Black "Dupre, Paul Donald"]
[Result "0-1"]
[WhiteElo "1601"]
[BlackElo "2037"]
[PlyCount "98"]
[EventDate "2016.12.12"]
[EventType "swiss"]
[EventRounds "5"]
[EventCountry "ENG"]
[SourceTitle "EXT 2019"]
[Source "ChessBase"]
[SourceDate "2018.10.10"]
[SourceVersion "1"]
[SourceVersionDate "2018.10.10"]
[SourceQuality "1"]

1. e4 e6 2. d4 d5 3. Nc3 Nf6 4. e5 Nfd7 5. f4 c5 6. Nf3 Qb6 7. Na4 Qc7 8. c3 a6 9. Be3 f6 10. dxc5 Nxc5 11. Nxc5 Bxc5 12. Bxc5 Qxc5 13. Qd4 Qxd4 14. cxd4 Bd7 15. Rc1 Nc6 16. Bd3 0-0 17. 0-0 Rac8 18. Bb1 Na5 19. b3 b5 20. Rfd1 Nc6 21. Kf2 Nb8 22. Ke3 b4 23. Ne1 a5 24. Nd3 Na6 25. Nc5 Nxc5 26. dxc5 fxe5 27. fxe5 Bc6 28. Rf1 a4 29. g3 Rfd8 30. Kd4 Ra8 31. Rf2 axb3 32. axb3 Ra3 33. Rf3 Rc8 34. Bd3 Ra2 35. Rc2 Rca8 36. Rff2 Ra1 37. Rf1 Rxf1 38. Bxf1 Ra1 39. Rf2 Rb1 40. Rf3 Rd1+ 41. Bd3 h5 42. Rf1 Rxd3+ 43. Kxd3 Bb5+ 44. Kd4 Bxf1 45. c6 Kf7 46. Kc5 Ke7 47. Kb6 d4 48. Ka7 Kd8 49. Kb8 Ba6 0-1

[Event "London Classic op U2050-B 8th"]
[Site "London"]
[Date "2016.12.15"]
[Round "4"]
[White "Dupre, Paul Donald"]
[Black "Mandnikar, Atreya"]
[Result "1-0"]
[WhiteElo "2037"]
[BlackElo "1725"]
[PlyCount "79"]
[EventDate "2016.12.12"]
[EventType "swiss"]
[EventRounds "5"]
[EventCountry "ENG"]
[SourceTitle "EXT 2019"]
[Source "ChessBase"]
[SourceDate "2018.10.10"]
[SourceVersion "1"]
[SourceVersionDate "2018.10.10"]
[SourceQuality "1"]

1. d4 d5 2. c4 e6 3. Nc3 c5 4. cxd5 exd5 5. Nf3 Nc6 6. g3 Nf6 7. Bg5 cxd4 8. Nxd4 Be7 9. Bg2 h6 10. Be3 Be6 11. 0-0 0-0 12. Qb3 Qd7 13. Nxe6 fxe6 14. Rad1 Rad8 15. Bh3 Rfe8 16. f3 Bf8 17. Nb5 Na5 18. Qa4 Nc4 19. Bxa7 Nxb2 20. Qb3 Nxd1 21. Rxd1 b6 22. Bxb6 Rb8 23. Nc7 Bc5+ 24. Bxc5 Qxc7 25. Qe3 Kh8 26. Rc1 Qd7 27. Bd4 Qf7 28. Rc6 Rb1+ 29. Kg2 Rb7 30. a4 e5 31. Bxe5 Rbe7 32. f4 Nd7 33. Bxd7 Rxd7 34. Qd4 Kg8 35. a5 Ra8 36. a6 Rda7 37. Qd3 d4 38. Rg6 Qd5+ 39. e4 dxe3+ 40. Qxd5+ 1-0

[Event "London Classic op U2050-B 8th"]
[Site "London"]
[Date "2016.12.14"]
[Round "3"]
[White "McAleenan, Charles T"]
[Black "Dupre, Paul Donald"]
[Result "1-0"]
[WhiteElo "1798"]
[BlackElo "2037"]
[PlyCount "39"]
[EventDate "2016.12.12"]
[EventType "swiss"]
[EventRounds "5"]
[EventCountry "ENG"]
[SourceTitle "EXT 2019"]
[Source "ChessBase"]
[SourceDate "2018.10.10"]
[SourceVersion "1"]
[SourceVersionDate "2018.10.10"]
[SourceQuality "1"]

1. d4 Nf6 2. Nc3 d6 3. e4 Nbd7 4. Nf3 c6 5. a4 h6 6. Bc4 e5 7. 0-0 Qc7 8. b3 Be7 9. a5 g5 10. Bb2 Nf8 11. dxe5 dxe5 12. Nxe5 Be6 13. Nb5 cxb5 14. Bxb5+ Bd7 15. Nxd7 N8xd7 16. e5 0-0-0 17. exf6 Nxf6 18. Qf3 Qf4 19. Qxf4 gxf4 20. Rfe1 1-0

[Event "London Classic op U2050-B 8th"]
[Site "London"]
[Date "2016.12.13"]
[Round "2"]
[White "Dupre, Paul Donald"]
[Black "Levene, Joseph"]
[Result "0-1"]
[WhiteElo "2037"]
[BlackElo "1895"]
[PlyCount "64"]
[EventDate "2016.12.12"]
[EventType "swiss"]
[EventRounds "5"]
[EventCountry "ENG"]
[SourceTitle "EXT 2019"]
[Source "ChessBase"]
[SourceDate "2018.10.10"]
[SourceVersion "1"]
[SourceVersionDate "2018.10.10"]
[SourceQuality "1"]

1. d4 d5 2. c4 c6 3. cxd5 cxd5 4. Nc3 Nf6 5. Nf3 Nc6 6. Bg5 Ne4 7. Bf4 Nxc3 8. bxc3 e6 9. e3 Be7 10. Bd3 0-0 11. 0-0 Na5 12. Qe2 Bd7 13. Ne5 Rc8 14. e4 Ba4 15. Bd2 f6 16. Ng4 Nc4 17. exd5 Nxd2 18. dxe6 Nxf1 19. Nh6+ Kh8 20. Nf7+ Rxf7 21. exf7 g6 22. Rxf1 Kg7 23. Re1 Rxc3 24. h4 Rc7 25. h5 Qd5 26. hxg6 hxg6 27. Qg4 Qxf7 28. Bf5 Bd6 29. Be6 Qe8 30. f4 Bd7 31. g3 f5 32. Qe2 Qxe6 0-1

[Event "Sunningdale e2e4 op"]
[Site "Ascot"]
[Date "2011.05.28"]
[Round "3"]
[White "Dupre, Paul Donald"]
[Black "Arnott, Jonathan"]
[Result "0-1"]
[WhiteElo "2050"]
[BlackElo "2177"]
[PlyCount "166"]
[EventDate "2011.05.27"]
[EventType "swiss"]
[EventRounds "7"]
[EventCountry "ENG"]
[SourceTitle "CBM 142 Extra"]
[Source "ChessBase"]
[SourceDate "2011.06.27"]
[SourceVersion "1"]
[SourceVersionDate "2011.06.27"]
[SourceQuality "1"]

1. d4 d5 2. Nf3 Nf6 3. c4 c6 4. Nc3 a6 5. cxd5 cxd5 6. Bg5 Ne4 7. Qb3 Nxg5 8. Nxg5 e6 9. Nf3 Nc6 10. e3 Na5 11. Qc2 b5 12. a3 Bb7 13. Bd3 h6 14. 0-0 Bd6 15. Rad1 0-0 16. e4 dxe4 17. Bxe4 Rc8 18. Bxb7 Nxb7 19. Qe4 Na5 20. d5 Re8 21. dxe6 Rxe6 22. Qf5 Nc4 23. b3 Nxa3 24. Ne4 g6 25. Qd5 Bxh2+ 26. Kxh2 Qxd5 27. Rxd5 Rxe4 28. Rd6 Rc3 29. Rxa6 Rxb3 30. Rd1 Nc4 31. Ra7 Ne5 32. Nxe5 Rxe5 33. f3 Rh5+ 34. Kg1 Rf5 35. Rb7 Kg7 36. Rc1 h5 37. Rc2 h4 38. Kh2 g5 39. Rd2 Kg6 40. Rb6+ f6 41. Rb7 Rf4 42. Rb6 b4 43. Re2 Rb1 44. Rd2 Rb3 45. Re2 g4 46. fxg4 Rg3 47. Rb2 Rgxg4 48. Rb5 Kf7 49. Re2 Re4 50. Rf2 Rgf4 51. Rd2 Rd4 52. Re2 Rfe4 53. Rf2 Ke7 54. Rb6 Re6 55. Rb5 Kd7 56. Rc2 Rc6 57. Rf2 Kc7 58. Rb2 Rb6 59. Rf5 b3 60. Kg1 Rc4 61. Rf3 Rcb4 62. Kf1 Kb7 63. Ke2 Ka6 64. Rf5 R4b5 65. Rf4 Ka5 66. Rxh4 Rb4 67. Rh1 Rg4 68. Ra1+ Ra4 69. Rab1 Ra2 70. Kd3 Rxb2 71. Rxb2 Kb4 72. Rb1 Rd6+ 73. Ke3 Kc3 74. Rc1+ Kb2 75. Rc7 Kb1 76. Rb7 b2 77. Rc7 Rd5 78. g4 Ka2 79. Ra7+ Kb3 80. Rb7+ Kc3 81. Rb6 Re5+ 82. Kf3 Re1 83. Rc6+ Kd4 0-1

[Event "Sunningdale e2e4 op"]
[Site "Ascot"]
[Date "2011.05.27"]
[Round "1"]
[White "Dupre, Paul Donald"]
[Black "Arkell, Keith C"]
[Result "0-1"]
[WhiteElo "2050"]
[BlackElo "2419"]
[PlyCount "28"]
[EventDate "2011.05.27"]
[EventType "swiss"]
[EventRounds "7"]
[EventCountry "ENG"]
[SourceTitle "CBM 142 Extra"]
[Source "ChessBase"]
[SourceDate "2011.06.27"]
[SourceVersion "1"]
[SourceVersionDate "2011.06.27"]
[SourceQuality "1"]

1. d4 Nf6 2. c4 e6 3. Nc3 Bb4 4. e3 c5 5. a3 Bxc3+ 6. bxc3 Qa5 7. Bd2 Ne4 8. Qg4 Nxd2 9. Qxg7 Qxc3 10. Qxh8+ Ke7 11. Rd1 Ne4+ 12. Ke2 Qc2+ 13. Kf3 Qxf2+ 14. Kg4 Qf5+ 0-1

[Event "BCF-chT4 0607 (4NCL)"]
[Site "Sunningdale"]
[Date "2007.03.24"]
[Round "7.151"]
[White "Sathiraju, Vijay"]
[Black "Dupre, Paul Donald"]
[Result "0-1"]
[WhiteElo "1750"]
[BlackElo "2033"]
[PlyCount "74"]
[EventDate "2006.09.16"]
[EventType "team"]
[EventRounds "11"]
[EventCountry "ENG"]
[SourceTitle "EXT 2008"]
[Source "ChessBase"]
[SourceDate "2007.11.25"]
[SourceVersion "1"]
[SourceVersionDate "2007.11.25"]
[SourceQuality "1"]
[WhiteTeam "Conquistadors II"]
[BlackTeam "Addlestone"]
[WhiteTeamCountry "ENG"]
[BlackTeamCountry "ENG"]

1. d4 Nf6 2. c4 g6 3. Nc3 d5 4. cxd5 Nxd5 5. e4 Nxc3 6. bxc3 Bg7 7. Bc4 c5 8. Ne2 0-0 9. 0-0 Nc6 10. Be3 Bg4 11. f3 Na5 12. Bd3 cxd4 13. cxd4 Be6 14. Qa4 a6 15. Rfc1 b5 16. Qb4 Nc4 17. Bf2 Qd7 18. Rab1 Ne5 19. dxe5 Qxd3 20. Nf4 Qd7 21. Rd1 Qc8 22. Rbc1 Bc4 23. Nd5 Qe6 24. Nc7 Qxe5 25. Nxa8 Rxa8 26. Bd4 Qg5 27. Bxg7 Kxg7 28. Qc3+ f6 29. a3 h5 30. Kh1 h4 31. Qb4 h3 32. Qxe7+ Kh6 33. g3 Be2 34. f4 Qg4 35. Rf1 Bxf1 36. Rxf1 Qe2 37. Rg1 Qf3+ 0-1

[Event "BCF-chT4 0506 (4NCL)"]
[Site "West Bromwich"]
[Date "2005.11.05"]
[Round "1.1"]
[White "Stevenson, James"]
[Black "Dupre, Paul Donald"]
[Result "1-0"]
[WhiteElo "2195"]
[BlackElo "2050"]
[PlyCount "37"]
[EventDate "2005.11.05"]
[EventType "team"]
[EventRounds "11"]
[EventCountry "ENG"]
[SourceTitle "CBM 109 Extra"]
[Source "ChessBase"]
[SourceDate "2006.01.03"]
[SourceVersion "2"]
[SourceVersionDate "2006.01.03"]
[SourceQuality "1"]
[WhiteTeam "Athenaeum"]
[BlackTeam "Addlestone"]
[WhiteTeamCountry "ENG"]
[BlackTeamCountry "ENG"]

1. e4 c5 2. d4 cxd4 3. c3 dxc3 4. Nxc3 Nc6 5. Nf3 e5 6. Bc4 h6 7. Qb3 Na5 8. Bxf7+ Ke7 9. Nd5+ Kxf7 10. Nxe5+ Ke8 11. Nc7+ Ke7 12. Qf7+ Kd6 13. Ne8+ Kc5 14. Be3+ Kb5 15. Qxf8 Qe7 16. Nc7+ Ka4 17. b3+ Nxb3 18. axb3+ Kxb3 19. Qf3 1-0

[Event "BCF-chT4b 0405 (4NCL)"]
[Site "Telford"]
[Date "2005.05.29"]
[Round "10.1"]
[White "Egginton, David C"]
[Black "Dupre, Paul Donald"]
[Result "0-1"]
[WhiteElo "2070"]
[BlackElo "2057"]
[PlyCount "78"]
[EventDate "2004.11.06"]
[EventType "team"]
[EventRounds "11"]
[EventCountry "ENG"]
[SourceTitle "EXT 2006"]
[Source "ChessBase"]
[SourceDate "2005.11.24"]
[SourceVersion "1"]
[SourceVersionDate "2005.11.24"]
[SourceQuality "1"]
[WhiteTeam "Grendel's Mother"]
[BlackTeam "Addlestone"]
[WhiteTeamCountry "ENG"]
[BlackTeamCountry "ENG"]

1. c4 Nf6 2. g3 c6 3. Bg2 d5 4. Nf3 Bf5 5. 0-0 e6 6. b3 Be7 7. Bb2 0-0 8. d3 h6 9. Qc2 Na6 10. Nbd2 Bh7 11. Rad1 Qa5 12. a3 Rac8 13. Bh3 dxc4 14. Nxc4 Qh5 15. Bg2 b5 16. Nce5 c5 17. h3 Bf5 18. g4 Nxg4 19. hxg4 Bxg4 20. Nxg4 Qxg4 21. Ne5 Qh5 22. f4 Rc7 23. e3 f6 24. Bf3 Qe8 25. Ng4 Qg6 26. Qg2 c4 27. bxc4 bxc4 28. Be4 f5 29. Ne5 Qxg2+ 30. Bxg2 c3 31. Bc1 Rfc8 32. Rf2 Nc5 33. Rc2 Nb3 34. Nc4 Bf6 35. Kf2 g5 36. fxg5 hxg5 37. Rh1 a5 38. Kg3 Rd8 39. Rd1 Rxc4 0-1

[Event "BCF-chT4b 0405 (4NCL)"]
[Site "Telford"]
[Date "2005.04.17"]
[Round "8.1"]
[White "Dupre, Paul Donald"]
[Black "McCumiskey, Andrew P"]
[Result "1-0"]
[WhiteElo "2057"]
[BlackElo "2100"]
[PlyCount "55"]
[EventDate "2004.11.06"]
[EventType "team"]
[EventRounds "11"]
[EventCountry "ENG"]
[SourceTitle "EXT 2006"]
[Source "ChessBase"]
[SourceDate "2005.11.24"]
[SourceVersion "1"]
[SourceVersionDate "2005.11.24"]
[SourceQuality "1"]
[WhiteTeam "Addlestone"]
[BlackTeam "Warwicks Select II"]
[WhiteTeamCountry "ENG"]
[BlackTeamCountry "ENG"]

1. d4 d6 2. c4 g6 3. Nc3 Bg7 4. e4 Nc6 5. Nf3 Bg4 6. Be3 e5 7. d5 Nd4 8. Bxd4 exd4 9. Nb5 Qe7 10. Bd3 a6 11. Qa4 Kf8 12. Nbxd4 f5 13. Ne6+ Kf7 14. Nfg5+ Kf6 15. f3 h6 16. fxg4 hxg5 17. exf5 gxf5 18. Bxf5 Kf7 19. Qc2 Nh6 20. 0-0 Be5 21. Bg6+ Kg8 22. Bh5 Rh7 23. Rae1 Kh8 24. h3 Ng8 25. Bg6 Nf6 26. Bxh7 Nxh7 27. Qg6 Rg8 28. Qh5 1-0

[Event "BCF-chT4b 0405 (4NCL)"]
[Site "Telford"]
[Date "2005.02.27"]
[Round "6.3"]
[White "Dupre, Paul Donald"]
[Black "Armstrong, William G"]
[Result "1-0"]
[WhiteElo "2057"]
[BlackElo "1960"]
[PlyCount "67"]
[EventDate "2004.11.06"]
[EventType "team"]
[EventRounds "11"]
[EventCountry "ENG"]
[SourceTitle "EXT 2006"]
[Source "ChessBase"]
[SourceDate "2005.11.24"]
[SourceVersion "1"]
[SourceVersionDate "2005.11.24"]
[SourceQuality "1"]
[WhiteTeam "Addlestone"]
[BlackTeam "Braille Chess Association"]
[WhiteTeamCountry "ENG"]
[BlackTeamCountry "ENG"]

1. d4 Nf6 2. c4 g6 3. Nc3 Bg7 4. e4 d6 5. Be2 0-0 6. Nf3 c5 7. d5 Na6 8. Bg5 h6 9. Bh4 Bd7 10. 0-0 Nh5 11. Qd2 Qe8 12. Ne1 Nf6 13. Nc2 Nc7 14. a4 Nh7 15. a5 g5 16. Bg3 f6 17. Rae1 b5 18. axb6 axb6 19. f4 b5 20. e5 b4 21. Nb5 Nxb5 22. cxb5 dxe5 23. fxe5 Bxb5 24. d6 fxe5 25. Rxf8+ Nxf8 26. Bxb5 Qxb5 27. dxe7 Ne6 28. Qd5 Ra6 29. Bxe5 b3 30. Nd4 Qe8 31. Nxe6 Rxe6 32. Qxe6+ Kh7 33. Bxg7 Kxg7 34. Rf1 1-0

[Event "BCF-chT4b 0405 (4NCL)"]
[Site "Telford"]
[Date "2005.01.16"]
[Round "4.2"]
[White "Maullin, Robert E"]
[Black "Dupre, Paul Donald"]
[Result "1-0"]
[WhiteElo "2090"]
[BlackElo "2057"]
[PlyCount "79"]
[EventDate "2004.11.06"]
[EventType "team"]
[EventRounds "11"]
[EventCountry "ENG"]
[SourceTitle "EXT 2006"]
[Source "ChessBase"]
[SourceDate "2005.11.24"]
[SourceVersion "1"]
[SourceVersionDate "2005.11.24"]
[SourceQuality "1"]
[WhiteTeam "Monmouth"]
[BlackTeam "Addlestone"]
[WhiteTeamCountry "ENG"]
[BlackTeamCountry "ENG"]

1. e4 e6 2. d4 d5 3. Nd2 Nf6 4. e5 Nfd7 5. Bd3 c5 6. c3 Nc6 7. Ne2 Qb6 8. Nf3 cxd4 9. cxd4 f6 10. exf6 Nxf6 11. 0-0 Bd6 12. Bf4 Bxf4 13. Nxf4 0-0 14. Qd2 Qc7 15. g3 Bd7 16. Rac1 Rae8 17. Rfe1 Qd6 18. Ne5 a6 19. Bb1 Re7 20. a3 Be8 21. Qd3 g5 22. Ng2 Rg7 23. Qe3 Nd8 24. Re2 Bh5 25. f3 Nd7 26. g4 Be8 27. Nxd7 Bxd7 28. Ne1 Qb6 29. Nd3 Bb5 30. Kg2 Qd6 31. Rc8 Qd7 32. Rc3 Bxd3 33. Bxd3 Qf7 34. Rb3 Qf4 35. Bb1 Kh8 36. Qxf4 Rxf4 37. Rc3 Rxd4 38. Rc8 Rg8 39. Rc7 Rf4 40. Rxh7# 1-0

[Event "BCF-chT4 0304 (4NCL)"]
[Site "West Bromwich "]
[Date "2004.05.29"]
[Round "7.2"]
[White "Dupre, Paul Donald"]
[Black "Ross, Chris Neil"]
[Result "1-0"]
[WhiteElo "2048"]
[BlackElo "2133"]
[PlyCount "61"]
[EventDate "2003.10.??"]
[EventType "team"]
[EventRounds "11"]
[EventCountry "ENG"]
[SourceTitle "EXT 2005"]
[Source "ChessBase"]
[SourceDate "2004.11.15"]
[SourceVersion "1"]
[SourceVersionDate "2004.11.15"]
[SourceQuality "1"]
[WhiteTeam "Hilsmark Kingfisher II"]
[BlackTeam "Braille Chess Association"]
[WhiteTeamCountry "ENG"]
[BlackTeamCountry "ENG"]

1. d4 Nf6 2. c4 g6 3. Nc3 Bg7 4. e4 d6 5. Be2 0-0 6. Nf3 e5 7. 0-0 Nc6 8. d5 Ne7 9. b4 a5 10. Ba3 axb4 11. Bxb4 Ne8 12. a4 f5 13. Ng5 h6 14. Ne6 Bxe6 15. dxe6 Nc6 16. Rb1 Qe7 17. Ba3 Rb8 18. exf5 gxf5 19. c5 Qxe6 20. cxd6 cxd6 21. Rb6 Kh8 22. Qb1 Qd7 23. Rd1 Nd4 24. Bf1 Rf6 25. Nd5 Rg6 26. a5 Qa4 27. Bb4 Ra8 28. Rxd4 exd4 29. Bb5 Rxa5 30. Bxa4 Rxa4 31. g3 1-0